00740cam a22001691 450000100100000000500170001000800410002704000250006808200150009324500690010826001330017730000250031049000660033550400730040170000300047483000660050400001634920200929164402.0790227m19591960mx 000 0 spa  aDO-SdBNPbspacBNPHU axxxxbD72204aProsistas de la república /cEstudio Víctor Manuel Albornoz. aPuebla, México :bJ. M. Cajica, Jr. :bSecretaría General de la Undécima Conferencia Interamericana Quito, Ecuador,c1959. axv, 706 p. ;c22 cm.1 aBiblioteca ecuatoriana mínima.aLa colonia y la república aIncluye referencias bibliográficas y notas al pie de las páginas1 aAlbornoz, Víctor Manuel 0aBiblioteca ecuatoriana mínima.pLa colonia y la república